Catalog

Record Details

Catalog Search



Available copies

  • 2 of 2 copies available at LARL/NWRL Consortium.

Current holds

0 current holds with 2 total copies.

Show Only Available Copies
Location Call Number / Copy Notes Barcode Shelving Location Status Due Date
Crookston Public Library CD TALKING BOOK W WOR (Text) 33500012765251 Main Available -
Moorhead Public Library CD TALKING BOOK W WOR (Text) 33500012765269 Main Available -

Record details

  • ISBN: 9781501957758
  • ISBN: 1501957759
  • Physical Description: 8 audio discs (9 hr.) : digital ; 4 3/4 in.
  • Edition: Unabridged.
  • Publisher: Prince Frederick, Md. : Recorded Books, [2018]

Content descriptions

General Note:
In container (17 cm.).
Title from container.
Compact disc.
Participant or Performer Note:
Narrated by René Ruiz and Jeffrey Brick.
Summary, etc.:
When Texas Ranger Sonny Hawke investigates a ... Read More
Subject: Texas Rangers > Fiction.
Murder > Investigation > Fiction.
Organized crime > Fiction.
Drug traffic > Fiction.
Human trafficking > Fiction.
Smuggling > Fiction.
Cartels > Fiction.
Big Bend National Park (Tex.) > Fiction.
Texas > Fiction.
FICTION > Thrillers > General.
Drug traffic.
Human trafficking.
Murder > Investigation.
Organized crime.
Texas > Big Bend National Park.
Human trafficking > Fiction.
Drug traffic > Fiction.
Organized crime > Fiction.
Murder > Investigation > Fiction.
Big Bend National Park (Tex) > Fiction.
Genre: Audiobooks.
Thrillers (Fiction)
Audiobooks.
Fiction.
Thrillers (Fiction)
Audiobooks.
Suspense fiction.
LDR 03221cim a2200841Mi 4500
001295535
003LARL_NWRL_CONSORTIUM
00520180820161541.0
008121004s2018 mdunnnn z n eng d
007sd fungnnmmned
040 . ‡aRECBC ‡beng ‡erda ‡cRECBC ‡dOCLCO ‡dOCLCQ ‡dOCLCO ‡dOCLCF ‡dZAC ‡dT3L
020 . ‡a9781501957758
020 . ‡a1501957759
02802. ‡aCS0476 ‡bRecorded Books
035 . ‡a(OCoLC)1039479635
043 . ‡an-us-tx
08204. ‡a813/.6 ‡223
1001 . ‡aWortham, Reavis Z., ‡eauthor. ‡0(LARL_NWRL_CONSORTIUM)223523
24510. ‡aHawke's war. ‡n#2 / ‡cReavis Z. Wortham.
250 . ‡aUnabridged.
264 1. ‡aPrince Frederick, Md. : ‡bRecorded Books, ‡c[2018]
264 4. ‡c℗2018
300 . ‡a8 audio discs (9 hr.) : ‡bdigital ; ‡c4 3/4 in.
336 . ‡aspoken word ‡bspw ‡2rdacontent
337 . ‡aaudio ‡bs ‡2rdamedia
338 . ‡aaudio disc ‡bsd ‡2rdacarrier
344 . ‡adigital ‡boptical ‡c1.4 m. per second ‡hDigital recording ‡2rda
347 . ‡aaudio file ‡bCD audio ‡2rda
4900 . ‡aSonny Hawke ; ‡v2
500 . ‡aIn container (17 cm.).
500 . ‡aTitle from container.
500 . ‡aCompact disc.
5110 . ‡aNarrated by René Ruiz and Jeffrey Brick.
520 . ‡aWhen Texas Ranger Sonny Hawke investigates a sniper ambushing four hikers in West Texas's Big Bend National Park, he gets caught in the same sniper's crosshairs.
61020. ‡aTexas Rangers ‡vFiction.
650 0. ‡aMurder ‡xInvestigation ‡vFiction. ‡0(LARL_NWRL_CONSORTIUM)166203
650 0. ‡aOrganized crime ‡vFiction. ‡0(LARL_NWRL_CONSORTIUM)166507
650 0. ‡aDrug traffic ‡vFiction. ‡0(LARL_NWRL_CONSORTIUM)164541
650 0. ‡aHuman trafficking ‡vFiction.
650 0. ‡aSmuggling ‡vFiction. ‡0(LARL_NWRL_CONSORTIUM)167284
650 0. ‡aCartels ‡vFiction.
651 0. ‡aBig Bend National Park (Tex.) ‡vFiction.
651 0. ‡aTexas ‡vFiction. ‡0(LARL_NWRL_CONSORTIUM)167647
650 7. ‡aFICTION ‡xThrillers ‡xGeneral. ‡2bisacsh
650 7. ‡aDrug traffic. ‡2fast ‡0(LARL_NWRL_CONSORTIUM)36372
650 7. ‡aHuman trafficking. ‡2fast ‡0(LARL_NWRL_CONSORTIUM)162554
650 7. ‡aMurder ‡xInvestigation. ‡2fast ‡0(LARL_NWRL_CONSORTIUM)26286
650 7. ‡aOrganized crime. ‡2fast ‡0(LARL_NWRL_CONSORTIUM)177763
651 7. ‡aTexas ‡zBig Bend National Park. ‡2fast
650 4. ‡aHuman trafficking ‡vFiction.
650 4. ‡aDrug traffic ‡vFiction. ‡0(LARL_NWRL_CONSORTIUM)164541
650 4. ‡aOrganized crime ‡vFiction. ‡0(LARL_NWRL_CONSORTIUM)166507
650 4. ‡aMurder ‡xInvestigation ‡vFiction. ‡0(LARL_NWRL_CONSORTIUM)166203
651 4. ‡aBig Bend National Park (Tex) ‡vFiction.
655 7. ‡aAudiobooks. ‡2lcgft ‡0(LARL_NWRL_CONSORTIUM)175801
655 7. ‡aThrillers (Fiction) ‡2lcgft
655 7. ‡aAudiobooks. ‡2fast ‡0(LARL_NWRL_CONSORTIUM)175801
655 7. ‡aFiction. ‡2fast
655 7. ‡aThrillers (Fiction) ‡2fast
655 4. ‡aAudiobooks. ‡0(LARL_NWRL_CONSORTIUM)175801
655 4. ‡aSuspense fiction.
7001 . ‡aRuiz, René, ‡enarrator.
7001 . ‡aBrick, Jeffrey, ‡enarrator. ‡0(LARL_NWRL_CONSORTIUM)214244
7102 . ‡aRecorded Books, Inc. ‡0(LARL_NWRL_CONSORTIUM)139168
8564 . ‡3RBMedia ‡uhttp://d2cv0ie6dlin9h.cloudfront.net/CS0476/CS0476_image_148x230.jpg
8564 . ‡3recordedbooks.com ‡uhttps://www.recordedbooks.com/title-details/9781501957758
901 . ‡a295535 ‡b ‡c295535 ‡tbiblio

Additional Resources